[Event "Stay Safe Play From Home 193"]
[Site "T#646517Emanuel Laske"]
[Date "2020.06.02"]
[Round "9"]
[White "Emresenar"]
[Black "Mepe_Nika"]
[Result "0-1"]
[WhiteElo "1755"]
[BlackElo "2255"]
[Annotator "TA"]
[PlyCount "60"]
[EventDate "2020.06.02"]
[EventType "swiss (blitz)"]

{[%evp 12,60,42,36,61,55,50,0,0,0,45,-23,6,12,9,-22,26,25,35,14,5,-650,-647,-673,-647,-829,-840,-851,-837,-879,-862,-1030,-822,-855,-848,-1673,-925,-1573,-1106,-1508,-1320,-1285,-1278,-1270,-1256,-1680,-1662,-29991,-29992,-29992,-29993]} 1. e4 g6 2. Nf3 Bg7 3. d4 d6 4. Nc3 Nf6 5. Bc4 O-O 6. O-O c6 7. Re1 b5 {B08: Pirc Defence: Classical System.} 8. Bb3 a5 {[#] Strongly threatening ...a4.} 9. a4 b4 {The position is equal.} 10. Nb1 {[#]} Bg4 $146 ({Predecessor:} 10... Qc7 11. Bc4 Nxe4 12. Rxe4 d5 13. Bxd5 cxd5 14. Re1 Nc6 15. Be3 Bg4 16. c3 {1-0 (16) Vasic,J-Stojanovic,S (2073) Belgrade 2006}) 11. Bg5 (11. c3 $14) 11... Nbd7 12. Nbd2 h6 $36 {[%mdl 2048] Black has some pressure.} 13. Bh4 Qc7 14. c3 e5 15. dxe5 (15. h3 {keeps more tension.} Bxf3 16. Qxf3 Rab8 17. Rab1 bxc3 18. bxc3 Rb7 19. Nc4) 15... Nxe5 16. Nxe5 $4 {[%mdl 8192] Now White is beyond hope.} (16. cxb4 $11 Nd3 17. Re3 Nxb4 18. Nc4) 16... Bxd1 $19 17. Raxd1 dxe5 18. Bg3 bxc3 19. bxc3 Rad8 20. Nc4 Rxd1 21. Rxd1 Re8 22. f3 Nd7 23. Nd6 Re7 {[#] Threatens to win with ...Qb6+.} 24. c4 Nc5 25. Ba2 Nxa4 26. c5 Nxc5 27. Nxf7 Rxf7 28. Bxf7+ Kxf7 29. Rd8 Qxd8 30. h3 Qd1+ {Accuracy: White = 38%, Black = 56%.} 0-1

[Event "Stay Safe Play From Home 193"]
[Site "T#646517Emanuel Laske"]
[Date "2020.06.02"]
[Round "9"]
[White "Grizzzly"]
[Black "Fish4Life"]
[Result "0-1"]
[WhiteElo "1725"]
[BlackElo "1949"]
[Annotator "TA"]
[PlyCount "68"]
[EventDate "2020.06.02"]
[EventType "swiss (blitz)"]

{[%evp 9,68,-270,-260,-266,-249,-260,-246,-316,-223,-325,-299,-324,0,-273,-216,-241,-180,-218,-176,-175,-171,-320,-218,-264,-203,-339,-263,-287,-287,-713,-712,-769,-783,-802,-802,-811,-791,-887,-881,-1124,-976,-1223,-1162,-2391,-1096,-1389,-1380,-1285,-1240,-2694,-2243,-2516,-2334,-2262,-2042,-29993,-29993,-29994,-29993,-29993,-29990]} 1. d4 d5 2. c3 e5 3. Nf3 e4 4. Ne5 f6 {[#]} 5. e3 $146 ({Predecessor:} 5. Ng4 Bxg4 6. h3 Bh5 7. Bf4 Bd6 8. Bxd6 Qxd6 9. Qb3 Ne7 10. Qxb7 Qc6 11. Qb3 {0-1 (21) Bashilin,V-Roth,M Griesheim 2002}) 5... fxe5 6. Qh5+ {D00: 1 d4 d5: Unusual lines.} Kd7 7. Qxe5 Nf6 8. c4 {Black is clearly better.} Bd6 9. Qf5+ (9. Qg5 $142) 9... Ke7 10. Qg5 g6 $2 (10... Kf7 $19 {And now ...h6 would win.} 11. Qh4 Nc6) 11. cxd5 $2 {[%mdl 8192]} (11. c5 $11 {and White has nothing to worry.}) 11... c6 12. Nc3 cxd5 13. f3 Rf8 14. fxe4 dxe4 15. Nd5+ (15. Bc4 {might work better.}) 15... Ke6 16. Nf4+ Bxf4 17. exf4 (17. Qxf4 $142 Kf7 18. Bc4+ Be6 19. Bxe6+ Kxe6 20. O-O) 17... Nc6 ({Much less strong is} 17... Qxd4 18. f5+ gxf5 19. Be3) 18. Bc4+ Ke7 19. O-O $2 (19. Be3 Qa5+ 20. Bd2 Qxg5 21. fxg5) 19... Qxd4+ $19 {[%mdl 64] [#] Double Attack} 20. Kh1 Qxc4 {[%cal Rc4f1]} 21. Be3 Bf5 22. Rac1 Qe6 23. Rfd1 Kf7 24. Bd4 Rfd8 25. Bxf6 Qxf6 26. Qh6 Qg7 27. Qg5 Rxd1+ 28. Rxd1 Qf6 29. Qh6 Kg8 30. Qg5 Qxg5 31. fxg5 Rd8 {[%cal Rd8d1]} 32. h4 Rxd1+ {Black mates.} 33. Kh2 {[#]} Rd2 $1 34. Kg3 Rxb2 {Accuracy: White = 30%, Black = 44%.} 0-1

[Event "Stay Safe Play From Home 193"]
[Site "T#646517Emanuel Laske"]
[Date "2020.06.02"]
[Round "9"]
[White "Edmatuag"]
[Black "Konmos"]
[Result "0-1"]
[WhiteElo "1640"]
[BlackElo "1650"]
[Annotator "NA RC"]
[PlyCount "80"]
[EventDate "2020.06.02"]
[EventType "swiss (blitz)"]

1. d4 {[%emt 0:00:03]} e5 {[%emt 0:00:06]} 2. dxe5 {[%emt 0:00:03]} Nc6 {[%emt 0:00:00]} 3. Nf3 {[%emt 0:00:01]} Qe7 {[%emt 0:00:00]} 4. Nc3 {[%emt 0:00:02]} Nxe5 {[%emt 0:00:02]} 5. Nxe5 {[%emt 0:00:02]} Qxe5 {[%emt 0:00:01]} 6. Qd5 {[%emt 0:00:02]} Bd6 {[%emt 0:00:03]} 7. Be3 {[%emt 0:00:03]} Nf6 {[%emt 0:00:02]} 8. Qxe5+ {[%emt 0:00:02]} Bxe5 {[%emt 0:00:00]} 9. O-O-O {[%emt 0:00:02]} Bxc3 {[%emt 0:00:01]} 10. bxc3 {[%emt 0:00:01]} O-O {[%emt 0:00:00]} 11. Kb2 {[%emt 0:00:01]} c6 {[%emt 0:00:00]} 12. Bc5 {[%emt 0:00:01]} Re8 {[%emt 0:00:02]} 13. e3 {[%emt 0:00:01]} b6 {[%emt 0:00:01]} 14. Bd6 {[%emt 0:00:01]} Ne4 {[%emt 0:00:02]} 15. Bg3 {[%emt 0:00:04]} Nxg3 {[%emt 0:00:01]} 16. hxg3 {[%emt 0:00:01]} d5 {[%emt 0:00:00]} 17. Bd3 {[%emt 0:00:00]} g6 {[%emt 0:00:01]} 18. Rh6 {[%emt 0:00:01]} Kg7 {[%emt 0:00:02]} 19. Rdh1 {[%emt 0:00:00]} Kh8 {[%emt 0:00:01]} 20. f4 {[%emt 0:00:01]} f5 {[%emt 0:00:03]} 21. Rxh7+ {[%emt 0:00:01]} Kg8 {[%emt 0:00:00]} 22. Rc7 {[%emt 0:00:02]} Be6 {[%emt 0:00:05]} 23. Rhh7 {[%emt 0:00:02]} Rad8 {[%emt 0:00:02]} 24. Rcg7+ {[%emt 0:00:01]} Kf8 {[%emt 0:00:01]} 25. Rxg6 {[%emt 0:00:00]} Re7 {[%emt 0:00:02]} 26. Rh8+ {[%emt 0:00:02]} Kf7 {[%emt 0:00:00]} 27. Rxd8 {[%emt 0:00:02]} Kxg6 {[%emt 0:00:00]} 28. g4 {[%emt 0:00:01]} Kf6 {[%emt 0:00:01]} 29. g5+ {[%emt 0:00:01]} Kf7 {[%emt 0:00:01]} 30. Rh8 {[%emt 0:00:03]} Kg7 {[%emt 0:00:01]} 31. Rh4 {[%emt 0:00:02]} c5 {[%emt 0:00:00]} 32. g4 {[%emt 0:00:01]} c4 {[%emt 0:00:01]} 33. gxf5 {[%emt 0:00:02]} Bxf5 {[%emt 0:00:00]} 34. Bxf5 {[%emt 0:00:01]} Rxe3 {[%emt 0:00:00]} 35. Rh7+ {[%emt 0:00:01]} Kg8 {[%emt 0:00:01]} 36. g6 {[%emt 0:00:00]} Rf3 {[%emt 0:00:01]} 37. Rxa7 {[%emt 0:00:03]} Rxf4 {[%emt 0:00:01]} 38. Be6+ {[%emt 0:00:01]} Kh8 {[%emt 0:00:04]} 39. g7+ {[%emt 0:00:00]} Kh7 {[%emt 0:00:00]} 40. g8=Q+ {[%emt 0:00:00]} Kh6 {[%emt 0:00:00] Time (Lag: Av=1.00s, max=1.8s)} 0-1